00724 a2200289 4500260001000000630001800010037001300028650003900041100002000080700002700100260003100127245009700158300001000255650001300265260000900278300000900287100000700296037001200303037001200315037001200327037001100339037001100350037001100361037001100372440001500383250003600398 aParis a57 - Biologie b7, Achat a5 - SCIENCES EXACTES ET NATURELLES aLamotte, Maxime aL'Héritier, Philippe bEditions Doin-Deren et Cie aBiologie générale : I. Structure et fonctionnement de la cellulue, reproduction sexuée a293 p aBiologie c1968 b21cm lFr aS 13991 aS 13993 aS 13996 aS 4280 aS 4776 aS 4777 aS 4779 a"Biologie" a2e éd. entièrement refondue